[Event "Titled Tuesday intern op 7th April"]
[White "Millard, Charlotte"]
[Black "McNeill, Gordon John"]
[Site "Chess.com INT"]
[Round "3"]
[Result "0-1"]
[Date "2020.04.07"]
[WhiteElo "1252"]
[BlackElo "2114"]
[PlyCount "74"]
[EventDate "2020.04.07"]
[EventType "swiss (blitz)"]
[EventRounds "10"]
[EventCountry "USA"]
[SourceTitle "EXT 2021"]
[Source "ChessBase"]
[SourceDate "2020.10.23"]
[SourceVersion "1"]
[SourceVersionDate "2020.10.23"]
[SourceQuality "1"]

1. e4 e6 2. d4 d5 3. Nd2 c5 4. c3 cxd4 5. cxd4 dxe4 6. Nxe4 Nf6 7. Bd3 Nc6 8. Nf3 Bb4+ 9. Bd2 Bxd2+ 10. Qxd2 0-0 11. Bc2 g6 12. Qh6 Nxe4 13. Bxe4 f6 14. Bxg6 Qe7 15. Bd3 b6 16. 0-0 Bb7 17. d5 Nb4 18. Be4 Bxd5 19. Bb1 Bxf3 20. gxf3 Qg7+ 21. Qxg7+ Kxg7 22. Kh1 Rg8 23. Be4 Rad8 24. Rg1+ Kh6 25. Rxg8 Rxg8 26. a3 Nd5 27. Bxd5 exd5 28. Rd1 Rd8 29. Rd4 Kg5 30. Kg2 Kf5 31. Kf1 Ke5 32. Rh4 Rd7 33. Ke2 Rc7 34. Kd3 a5 35. f4+ Ke6 36. Kd4 Rc4+ 37. Kd3 b5 0-1

[Event "Titled Tuesday intern op 6th Aug"]
[White "Johnson, Joel F"]
[Black "McNeill, Gordon John"]
[Site "Chess.com INT"]
[Round "5"]
[Result "0-1"]
[Date "2019.08.06"]
[WhiteElo "2223"]
[BlackElo "2079"]
[PlyCount "102"]
[EventDate "2019.08.06"]
[EventType "swiss (blitz)"]
[EventRounds "10"]
[EventCountry "USA"]
[SourceTitle "EXT 2021"]
[Source "ChessBase"]
[SourceDate "2020.10.23"]
[SourceVersion "1"]
[SourceVersionDate "2020.10.23"]
[SourceQuality "1"]

1. e4 e6 2. d4 d5 3. Nc3 Nf6 4. Qd3 Bb4 5. e5 Ne4 6. a3 Ba5 7. b4 Bb6 8. Nxe4 dxe4 9. Qxe4 Qxd4 10. Qxd4 Bxd4 11. Rb1 Bxe5 12. Nf3 Bc3+ 13. Bd2 Bxd2+ 14. Nxd2 0-0 15. Bd3 Nd7 16. 0-0 Ne5 17. Be2 Rd8 18. Ne4 b6 19. f4 Nd7 20. Bd3 Bb7 21. Rbe1 Nf6 22. Nxf6+ gxf6 23. Re3 Rac8 24. Rg3+ Kf8 25. Bxh7 c5 26. c3 cxb4 27. cxb4 Ke7 28. Re1 Rd2 29. Bf5 Rcd8 30. Bh3 Ra2 31. Rg7 Kf8 32. Rg3 Rdd2 33. Rc1 Bd5 34. Kf1 Ke7 35. Bg4 Rf2+ 36. Ke1 Bxg2 37. Rxg2 Rxg2 38. Bh3 Rge2+ 39. Kd1 Rxh2 40. Bf1 e5 41. fxe5 fxe5 42. Ke1 e4 43. Rd1 e3 44. Rd3 Ra1+ 45. Rd1 Rxd1+ 46. Kxd1 f5 47. Be2 f4 48. a4 Kd6 49. a5 bxa5 50. bxa5 Rxe2 51. Kxe2 Kc5 0-1

[Event "Titled Tuesday intern op 6th Aug"]
[White "McNeill, Gordon John"]
[Black "Leiva Rodriguez, Jeammarco Giuseppe"]
[Site "Chess.com INT"]
[Round "1"]
[Result "1-0"]
[Date "2019.08.06"]
[WhiteElo "2079"]
[BlackElo "2401"]
[PlyCount "123"]
[EventDate "2019.08.06"]
[EventType "swiss (blitz)"]
[EventRounds "10"]
[EventCountry "USA"]
[SourceTitle "EXT 2021"]
[Source "ChessBase"]
[SourceDate "2020.10.23"]
[SourceVersion "1"]
[SourceVersionDate "2020.10.23"]
[SourceQuality "1"]

1. e4 c5 2. Nf3 d6 3. d4 cxd4 4. Nxd4 Nf6 5. Nc3 a6 6. h3 e5 7. Nde2 h5 8. Bg5 Be6 9. Bxf6 Qxf6 10. Nd5 Qd8 11. Qd3 Nd7 12. Nec3 g6 13. 0-0-0 b5 14. f4 Bxd5 15. Nxd5 exf4 16. Qc3 Ne5 17. Nc7+ Ke7 18. Nxa8 Qxa8 19. Qc7+ Ke6 20. Rd5 Be7 21. Qb6 Rc8 22. Bd3 Qc6 23. Qxc6 Rxc6 24. Kb1 Rc5 25. Rxc5 dxc5 26. a4 c4 27. Be2 bxa4 28. Rd1 f5 29. exf5+ Kxf5 30. Rd5 Ke4 31. Ra5 h4 32. Rxa4 Ke3 33. Bxc4 Nxc4 34. Rxc4 g5 35. Rc7 Bf6 36. Rf7 Be5 37. Rf5 Ke4 38. Rf7 Bd4 39. c3 Be3 40. c4 Kd4 41. Rc7 Kd3 42. c5 Ke2 43. c6 f3 44. gxf3 Bf4 45. Re7+ Kxf3 46. c7 g4 47. c8Q gxh3 48. Qxh3+ Bg3 49. Rf7+ Ke3 50. Rh7 Ke4 51. Rxh4+ Bxh4 52. Qxh4+ Kd3 53. Qa4 a5 54. Qxa5 Ke2 55. b4 Kd1 56. b5 Ke2 57. b6 Kd3 58. b7 Kc4 59. b8Q Kd3 60. Qbb4 Ke2 61. Qe5+ Kd3 62. Qbc3# 1-0